000
00299nam a2200109Ia 4500
008
171205s9999 xx 000 0 und d
020
_a
9781635494518
100
_a
Robson, Shaun
245
_a
Fundamentals of Educational Research
260
_b
Larsen and Keller Education
_c
2017
300
_a
240 pages
999
_c
347417
_d
347417